000 00301nam a2200133Ia 4500
008 191201s2019 xx 000 0 und d
100 _aDWIVEDI,DN
245 0 _aManagerial Economics
250 _aRep
260 _c2019
_bVikas Pub
_aNew Delhi
300 _a831
650 _aMBA
942 _2ddc
_cBB
_027
999 _c7754
_d7754